Biblioteca

Pia desideria (Registro nro. 66468)

Detalles MARC
000 -LÍDER
Campo fijo de descripción fija 01781cam a2200373 i 4500
001 - NÚMERO DE CONTROL
Campo de control 768714001
003 - IDENTIFICADOR DEL NÚMERO DE CONTROL
Campo de control CO-MdFUSB
005 - FECHA Y HORA DE LA ULTIMA TRANSACCIÓN
control field 20200706223312.0
007 - CAMPO FIJO DE DESCRIPCIÓN FIJA--INFORMACIÓN GENERAL
Campo fijo de descripción fija ta
008 - ELEMENTOS DE LONGITUD FIJA -- INFORMACIÓN GENERAL
Campo fijo de descripción fija -- Información general 970728t19641964pau 001 0 eng
010 ## - NÚMERO DE CONTROL DE LA BIBLIOTECA DEL CONGRESO
Número de control LC 64012995
020 ## - NÚMERO INTERNACIONAL NORMALIZADO PARA LIBROS
Número Internacional Normalizado del libro 0800619536
040 ## - FUENTE DE CATALOGACIÓN
Agencia de catalogación original DLC
Agencia que realiza la transcripción CO-MdFUSB
Agencia que realiza la modificación OCL
-- CO-MdFUSB
-- CAP
-- UtOrBLW
Idioma de catalogación spa
Convenciones de la descripción rda
041 ## - CÓDIGO DE IDIOMA
Código de idioma para texto/pista de sonido o título separado eng
082 ## - NÚMERO DE CLASIFICACIÓN DECIMAL DEWEY
Número de la edición del Dewey 23
Número de clasificación 284.143
Clave de autor-Numero de item S747
090 ## - SIGNATURA TOPOGRÁFICA LOCAL
Número de clasificación local BR1650.A2
100 1# - ASIENTO PRINCIPAL--NOMBRE PERSONAL
Nombre personal Spener, Philipp Jakob,
Fechas asociadas con el nombre 1635-1705.
Término relacionador autor
245 10 - TÍTULO
Título del Material Pia desideria
Mención de responsabilidad, etc. / Philip Jacob Spener ; traducido y editado por Theodore G. Tappert.
264 #1 - PRODUCCIÓN, PUBLICACIÓN, DISTRIBUCIÓN, MANUFACTURA, Y COPYRIGHT
Lugar de producción, publicación, distribución, manufactura Philadelphia :
Nombre del productor, publicador, distribuidor Fortress Press,
Fecha de producción, publicación, distribución, manufactura, o copyright [1964]
264 #4 - PRODUCCIÓN, PUBLICACIÓN, DISTRIBUCIÓN, MANUFACTURA, Y COPYRIGHT
Fecha de producción, publicación, distribución, manufactura, o copyright ©1964.
300 ## - DESCRIPCIÓN FÍSICA
Extensión 131 páginas ;
Dimensiones 20 cm.
336 ## - TIPO DE CONTENIDO
Término de tipo de contenido texto
Código de tipo de contenido txt
Fuente rdacontent.
337 ## - TIPO DE MEDIO
Nombre del tipo de medio sin mediación
Código del tipo de medio n
Fuente rdamedia.
338 ## - TIPO DE SOPORTE
Nombre del tipo de soporte volumen
Código Tipo de soporte nc
Fuente rdacarrier.
504 ## - NOTA DE BIBLIOGRAFÍA, ETC.
Nota de bibliografía, etc Incluye referencias bibliográficas e indice.
505 ## - NOTA DE CONTENIDO
Nota de contenido con formato preestablecido Introducción: los tiempos, el hombre, el libro - El texto de la Pia Desideria - Saludo y circunstancias de la escritura - Contrato de las condiciones corruptas en la iglesia - Defectos en las autoridades civiles - Defectos en el clero - Defectos en la gente común -Delitos resultantes de estos defectos - La posibilidad de mejores condiciones en la iglesia - Propuestas para corregir las condiciones - Uso más extenso de las Escrituras - Ejercicio del sacerdocio espiritual - Práctica vs. conocimiento del cristianismo <br/> Conducta de controversias religiosas - Reforma de escuelas y universidades - Predicación con fines de edificación.
563 ## - NOTA DE ENCUADERNACIÓN
Nota de encuadernación Rústico
653 ## - TÉRMINO DE INDIZACIÓN - NO CONTROLADO
Término no controlado Pietismo - Trabajos tempranos hasta 1800.
700 1# - ASIENTO SECUNDARIO - NOMBRE PERSONAL
9 (RLIN) 669
Nombre personal Tappert, Theodore G.
Fechas asociadas con el nombre 1904-1973
Responsabilidad traductor
942 ## - TIPO DE MATERIAL (KOHA)
Tipo de Item KOHA Libros General
945 ## - INFORMACIÓN LOCAL DEL REGISTRO
Catalogador JTF-925
Existencias
Estado de Material Estado de Perdido Forma de Clasificación Estado de Dañado No para Préstamo Colección Biblioteca de Origen Biblioteca Permanente Fecha de Adquisición Área Total de Préstamos Signatura Topográfica Código de Barras Última vez visto Ejemplar/Existencia Fecha de Remplazo Tipo de Material
    Dewey Decimal Classification     Colección General Biblioteca FUSBC Biblioteca FUSBC 06/07/2020 RELIGIÓN - RELIGIONES   G 284.143 S747p 9524 06/07/2020 Ej.1 06/07/2020 Libros General

Biblioteca FUSBC | Teléfono: (57+4) 349 88 10 Ext. 141| WhatsApp (+57) 3005338115 
E-mail: biblioteca@unisbc.edu.co | Calle 76 87-14 Robledo Palenque, Medellín, Colombia

Con tecnología Koha